Analytical and geometric aspects of hyperbolic space : Warwick and Durham 1984 /
Guardado en:
| Autores Corporativos: | , |
|---|---|
| Otros Autores: | |
| Formato: | Libro |
| Idioma: | English |
| Publicado: |
Cambridge ; New York :
Cambridge University Press,
1987.
|
| Series: | London Mathematical Society lecture note series ;
111 |
| Materias: | |
| Etiquetas: |
Agregar Etiqueta
Sin Etiquetas, Sea el primero en etiquetar este registro!
|
| LEADER | 01164pam a2200265 a 4500 | ||
|---|---|---|---|
| 001 | MAT.inmabb007171 | ||
| 008 | 860717s1987####enka##########100#0#eng## | ||
| 005 | 20190325164215.0 | ||
| 245 | 0 | 0 | |a Analytical and geometric aspects of hyperbolic space : |b Warwick and Durham 1984 / |c edited by D.B.A. Epstein. |
| 260 | |a Cambridge ; |a New York : |b Cambridge University Press, |c 1987. | ||
| 300 | |a 323 p. : |b il. ; |c 23 cm. | ||
| 440 | 0 | |a London Mathematical Society lecture note series ; |v 111 | |
| 500 | |a Papers presented at two symposia held at the Universities of Warwick and Durham and sponsored by the Science and Engineering Research Council of the United Kingdom and the London Mathematical Society. | ||
| 510 | 4 | |a MR, |c 903849 | |
| 020 | |a 0521339065 (pbk.) | ||
| 700 | 1 | |a Epstein, D. B. A. |4 edt | |
| 710 | 2 | |a Science and Engineering Research Council (Great Britain) | |
| 710 | 2 | |a London Mathematical Society. | |
| 650 | 0 | |a Geometry, Hyperbolic |x Congresses. | |
| 650 | 0 | |a Hyperbolic spaces. | |
| 650 | 0 | |a Kleinian groups |x Congresses. | |
| 084 | |a 57-06 (32G15) |2 msc2010 | ||
| 010 | |a 86018847 | ||
| 040 | |a DLC |c DLC |d DLC | ||
| 859 | |h 57 |i An532 |p A-9276 |b BIB. MATEMATICA | ||
